<?xml version="1.0" encoding="UTF-8"?>
<collection xmlns="http://www.loc.gov/MARC21/slim">
 <record>
  <leader>02167nam a22002777a 4500</leader>
  <controlfield tag="001">NCT_58055</controlfield>
  <controlfield tag="008">190116b        xxu||||| |||| 00| 0 vie d</controlfield>
  <datafield tag="999" ind1=" " ind2=" ">
   <subfield code="c">2810</subfield>
   <subfield code="d">2810</subfield>
  </datafield>
  <datafield tag="020" ind1=" " ind2=" ">
   <subfield code="c">48000</subfield>
  </datafield>
  <datafield tag="082" ind1="0" ind2="4">
   <subfield code="2">23rd ed.</subfield>
   <subfield code="a">327.209597</subfield>
   <subfield code="b">B312</subfield>
  </datafield>
  <datafield tag="100" ind1="1" ind2=" ">
   <subfield code="a">Lê Thanh Bình</subfield>
   <subfield code="e">Chủ biên</subfield>
  </datafield>
  <datafield tag="245" ind1="1" ind2="0">
   <subfield code="a">Giáo trình quan hệ công chúng chính phủ trong văn hóa đối ngoại</subfield>
   <subfield code="c">Lê Thanh Bình (chủ biên) ; Đoàn Văn Dũng</subfield>
  </datafield>
  <datafield tag="260" ind1=" " ind2=" ">
   <subfield code="a">H.</subfield>
   <subfield code="b">Chính trị Quốc gia - Sự thật</subfield>
   <subfield code="c">2011</subfield>
  </datafield>
  <datafield tag="300" ind1=" " ind2=" ">
   <subfield code="a">260 tr.</subfield>
   <subfield code="c">21cm</subfield>
  </datafield>
  <datafield tag="520" ind1="3" ind2=" ">
   <subfield code="a">Sách trình bày các nội dung như: Một số vấn đề văn hóa đối ngoại và quan hệ công chúng(PR) hiện đại. PR chính phủ và hoạt động PR trong lĩnh vực văn hóa đối ngoại của Việt Nam. Các hạn chế về công tác văn hóa đối ngoại và PR, ....</subfield>
  </datafield>
  <datafield tag="653" ind1=" " ind2=" ">
   <subfield code="a">Quan hệ công chúng (PR)</subfield>
  </datafield>
  <datafield tag="700" ind1="1" ind2=" ">
   <subfield code="a">Đoàn Văn Dũng</subfield>
  </datafield>
  <datafield tag="942" ind1=" " ind2=" ">
   <subfield code="2">ddc</subfield>
   <subfield code="c">BK</subfield>
  </datafield>
  <datafield tag="952" ind1=" " ind2=" ">
   <subfield code="0">0</subfield>
   <subfield code="1">0</subfield>
   <subfield code="2">ddc</subfield>
   <subfield code="4">0</subfield>
   <subfield code="6">327_209597000000000_B312</subfield>
   <subfield code="7">0</subfield>
   <subfield code="9">15294</subfield>
   <subfield code="a">000001</subfield>
   <subfield code="b">000001</subfield>
   <subfield code="d">2019-01-16</subfield>
   <subfield code="o">327.209597 B312</subfield>
   <subfield code="p">MD.13989</subfield>
   <subfield code="r">2019-01-16</subfield>
   <subfield code="v">48000.00</subfield>
   <subfield code="w">2019-01-16</subfield>
   <subfield code="y">BK</subfield>
  </datafield>
  <datafield tag="952" ind1=" " ind2=" ">
   <subfield code="0">0</subfield>
   <subfield code="1">0</subfield>
   <subfield code="2">ddc</subfield>
   <subfield code="4">0</subfield>
   <subfield code="6">327_209597000000000_B312</subfield>
   <subfield code="7">0</subfield>
   <subfield code="9">15295</subfield>
   <subfield code="a">000001</subfield>
   <subfield code="b">000001</subfield>
   <subfield code="d">2019-01-16</subfield>
   <subfield code="o">327.209597 B312</subfield>
   <subfield code="p">MD.13990</subfield>
   <subfield code="r">2019-01-16</subfield>
   <subfield code="v">48000.00</subfield>
   <subfield code="w">2019-01-16</subfield>
   <subfield code="y">BK</subfield>
  </datafield>
  <datafield tag="952" ind1=" " ind2=" ">
   <subfield code="0">0</subfield>
   <subfield code="1">0</subfield>
   <subfield code="2">ddc</subfield>
   <subfield code="4">0</subfield>
   <subfield code="6">327_209597000000000_B312</subfield>
   <subfield code="7">0</subfield>
   <subfield code="9">15296</subfield>
   <subfield code="a">000001</subfield>
   <subfield code="b">000001</subfield>
   <subfield code="d">2019-01-16</subfield>
   <subfield code="o">327.209597 B312</subfield>
   <subfield code="p">MD.13991</subfield>
   <subfield code="r">2019-01-16</subfield>
   <subfield code="v">48000.00</subfield>
   <subfield code="w">2019-01-16</subfield>
   <subfield code="y">BK</subfield>
  </datafield>
  <datafield tag="952" ind1=" " ind2=" ">
   <subfield code="0">0</subfield>
   <subfield code="1">0</subfield>
   <subfield code="2">ddc</subfield>
   <subfield code="4">0</subfield>
   <subfield code="6">327_209597000000000_B312</subfield>
   <subfield code="7">0</subfield>
   <subfield code="9">15297</subfield>
   <subfield code="a">000001</subfield>
   <subfield code="b">000001</subfield>
   <subfield code="d">2019-01-16</subfield>
   <subfield code="o">327.209597 B312</subfield>
   <subfield code="p">MD.13992</subfield>
   <subfield code="r">2019-01-16</subfield>
   <subfield code="v">48000.00</subfield>
   <subfield code="w">2019-01-16</subfield>
   <subfield code="y">BK</subfield>
  </datafield>
  <datafield tag="952" ind1=" " ind2=" ">
   <subfield code="0">0</subfield>
   <subfield code="1">0</subfield>
   <subfield code="2">ddc</subfield>
   <subfield code="4">0</subfield>
   <subfield code="6">327_209597000000000_B312</subfield>
   <subfield code="7">0</subfield>
   <subfield code="9">15298</subfield>
   <subfield code="a">000001</subfield>
   <subfield code="b">000001</subfield>
   <subfield code="d">2019-01-16</subfield>
   <subfield code="o">327.209597 B312</subfield>
   <subfield code="p">MD.13993</subfield>
   <subfield code="r">2019-01-16</subfield>
   <subfield code="v">48000.00</subfield>
   <subfield code="w">2019-01-16</subfield>
   <subfield code="y">BK</subfield>
  </datafield>
  <datafield tag="952" ind1=" " ind2=" ">
   <subfield code="0">0</subfield>
   <subfield code="1">0</subfield>
   <subfield code="2">ddc</subfield>
   <subfield code="4">0</subfield>
   <subfield code="6">327_209597000000000_B312</subfield>
   <subfield code="7">0</subfield>
   <subfield code="9">15299</subfield>
   <subfield code="a">000001</subfield>
   <subfield code="b">000001</subfield>
   <subfield code="d">2019-01-16</subfield>
   <subfield code="o">327.209597 B312</subfield>
   <subfield code="p">MD.13994</subfield>
   <subfield code="r">2019-01-16</subfield>
   <subfield code="v">48000.00</subfield>
   <subfield code="w">2019-01-16</subfield>
   <subfield code="y">BK</subfield>
  </datafield>
  <datafield tag="952" ind1=" " ind2=" ">
   <subfield code="0">0</subfield>
   <subfield code="1">0</subfield>
   <subfield code="2">ddc</subfield>
   <subfield code="4">0</subfield>
   <subfield code="6">327_209597000000000_B312</subfield>
   <subfield code="7">0</subfield>
   <subfield code="9">15300</subfield>
   <subfield code="a">000001</subfield>
   <subfield code="b">000001</subfield>
   <subfield code="d">2019-01-16</subfield>
   <subfield code="o">327.209597 B312</subfield>
   <subfield code="p">MD.13995</subfield>
   <subfield code="r">2019-01-16</subfield>
   <subfield code="v">48000.00</subfield>
   <subfield code="w">2019-01-16</subfield>
   <subfield code="y">BK</subfield>
  </datafield>
  <datafield tag="980" ind1=" " ind2=" ">
   <subfield code="a">Thư viện Trường Đại học Nam Cần Thơ</subfield>
  </datafield>
 </record>
</collection>
